1969 1193 1861 1438 1482 1815 1482 1120 1295 1871 1571 1436 1212 1420 1998 1940 1000 1990 1552 1440 1778 1950 1739 1010 1487 1057 1995 1310 1826 1925 1975 1789 1997 1837 1206 1583 1533 1244 1602 1306 1136 1146 1858 1338 1186 1506 1126 1136 1074 1672 1251 1265 1787 1055 1765 1477 1725 1032 1080 1265 1634 1428 1066 1884 1538 1422 1810 1572 1197 1986 1989 1864 1086 1295 1267 1433 1332 1662 1425 1540 1101 1751 1649 1508 1951 1809 1956 1653 1569 1208 1509 1738 1502 1240 1946 1889 1743 1959 1963 BCNSPRNW ULIB Ver.6.0+V

เปลี่ยนเป็นภาษาไทย

Change to English
 แสดงรายละเอียดบรรณานุกรม
  กลับหน้าหลัก

Brief Record : Get Marc (ISO 2709) : E-mail record : QR code < ปิดหน้าต่าง
LEADER : 00000nam 2200000uu 4500
001    13399113639
003     ULIB
008    111209s2543||||th 000 0 tha d
020    ^a9746112813(ล.2)
060  4 ^aWA100^bม226ส ล.2 2543
110 1  ^aมหาวิทยาลัยสุโขทัยธรรมาธิราช^bสาขาวิชาวิทยาศาสตร์สุขภาพ
245 00 ^aเอกสารการสอนชุดวิชา สุขภาพส่วนบุคคลและชุมชน หน่วยที่ 8-15=^bPersonal and community health/^cประธาน สมทรง อินสว่าง
246 31 ^aPersonal and community health
250    ^aพิมพ์ครั้งที่ 12
260    ^aนนทบุรี:^bศูนย์หนังสือมหาวิทยาลัยสุโขทัยธรรมาธิราช,^c2543
300    ^a598 หน้า
650  7 ^aอนามัยชุมชน
650  7 ^aโรค^xการป้องกันและรักษา
700 0  ^aกิตติ วัฒนกุล,^eบรรณาธิการ
710 2  ^aมหาวิทยาลัยสุโขทัยธรรมาธิราช^bสาขาวิชาวิทยาศาสตร์สุขภาพ
945    ^p0^l0^i10471
945    ^p0^l0^i10474
945    ^p0^l0^i10473
945    ^p0^l0^i14687
945    ^p0^l0^i14685
945    ^p0^l0^i14686
945    ^p0^l0^i10472
995    ^aกัณชพร
999    ^aใช้งานได้ทุกระบบ
รายการนี้ยังไม่มีแท็ก
คุณยังไม่ได้ล็อกอิน คุณสามารถมีกิจกรรมร่วมกับเว็บไซต์ได้ แต่ต้องล็อกอินก่อน ::
  ล็อกอิน

รายการสื่อสารสนเทศ

ลำดับที่ ประเภท เลขเรียก/บาร์โค้ด สถานที่ สถานะ
- ไม่พบข้อมูล -

รายการใกล้เคียง
    หัวเรื่อง [อนามัยชุมชน]

BibComment


ยังไม่เคยถูกคอมเมนท์

คอมเมนท์ทรัพยากรรายการนี้
  คอมเมนท์: เอกสารการสอนชุดว..


 Copyright 2026. Bcnsprnw @Library